| 000 | 01804cam a2200349 4500 | ||
|---|---|---|---|
| 001 | 6197 | ||
| 003 | FISKH | ||
| 005 | 20250327102415.0 | ||
| 008 | 730503s1972 enk 000 1 eng | ||
| 010 | _a 73156234 | ||
| 015 | _aB72-21101 | ||
| 020 | _a0002216574 | ||
| 020 |
_a9780006499169 _c$6.00 |
||
| 040 |
_aDLC _cDLC _dDLC _beng |
||
| 050 | _aPR6029.B55 P67 | ||
| 082 | _a823.914 | ||
| 100 | 1 |
_aO'Brian, Patrick, _d1914-2000. |
|
| 245 | 1 | 0 |
_aPost captain : _bThis book set him at the very top of his genre' Mary Renault / _cPatrick O'Brian |
| 260 |
_aLondon : _bCollins, _c1972. |
||
| 300 |
_a501 pages : _c20 cm |
||
| 520 | _aIn 1803, Napoleon smashes the Peace of Amiens, going to war once again. This is doubly alarming news for Captain Jack Aubrey, who is taking refuge in France from his creditors. He is interned but soon escapes from his French debtor's prison, fleeing across the French countryside to lead a ship into battle. After managing to avert a possible mutiny, he pursues his quarry straight into the mouth of a French-held harbor. Stephen Maturin's struggles, with himself as much as with a proud and intelligent woman, are woven into Aubrey's, straining their friendship at times to the breaking point. The high-seas excitement continues in this second installment of Patrick O'Brian's highly acclaimed series. | ||
| 600 | 1 | 0 |
_aAubrey, Jack _c(Fictitious character) _vFiction. |
| 600 | 1 | 0 |
_aMaturin, Stephen _c(Fictitious character) _vFiction. |
| 650 | 0 |
_aShip physicians _vFiction. |
|
| 650 | 0 |
_aShip captains _vFiction. |
|
| 651 | 0 |
_aGreat Britain _xHistory, Naval _y19th century _vFiction. |
|
| 655 | 7 |
_aHistorical fiction. _2gsafd |
|
| 655 | 7 |
_aSea stories. _2gsafd |
|
| 906 |
_a7 _bcbc _corignew _d3 _encip _f19 _gy-gencatlg |
||
| 942 |
_2ddc _cBK _n0 |
||
| 999 |
_c6197 _d6197 |
||